| 000 | 01666nam a2200373 c 4500 | ||
|---|---|---|---|
| 003 | BLK | ||
| 005 | 20190329111414.0 | ||
| 008 | 180408b bul|||||r ||||||| ||bul|| | ||
| 010 | _aKNG00069563000 | ||
| 020 |
_a954-427-711-0 _bиздат.: Абагар |
||
| 040 | _aBLK | ||
| 041 |
_aBUL _cBUL |
||
| 080 |
_aБългарски език _b811.163.2 _x-313(038.1) _z811.163.2-313(038.1) |
||
| 080 |
_aТеория на литературата. Литературна техника _b82.01/.09 _x(497.2)(091)(038.1) _z82.01/.09(497.2)(091)(038.1) |
||
| 080 |
_aБългарска литература _b821.163.2 _x(091) _z821.163.2(091) |
||
| 100 | 1 |
_aРадев, Иван Николов _eпърви автор _9363332 |
|
| 139 |
_aРадев, Иван Николов _bР 12 |
||
| 245 | 1 | 0 |
_aДругото лице на възрожденската литература _bРечник на псевдонимите ; Животът на термините ; Погребаните книги _cИван Николов Радев. |
| 257 | _aBGR | ||
| 260 |
_аВ. Търново _bАбагар _c2006 |
||
| 300 |
_a360 с. _c22 см |
||
| 380 | _a80 | ||
| 500 | _aПоказалци | ||
| 650 | 4 |
_aБългарска литература, възрожденска - справочници _9249625 |
|
| 650 | 4 |
_aКнига - България - история _9249626 |
|
| 653 | _aвъзрожденска литература | ||
| 653 | _aпсевдоними | ||
| 653 | _aлитературни термини | ||
| 852 | _aЦб 230123 | ||
| 856 | 4 |
_qpdf _u |
|
| 856 | 4 |
_qpdf _u |
|
| 942 |
_cKNG _n0 _01 |
||
| 944 |
_aCR _c21.11.2006 _kПенка_Димитрова |
||
| 944 |
_aED _c06.08.2007 _k |
||
| 999 |
_c65287 _d65287 |
||